Aritmética para 1º año de ciclo básico /
Guardado en:
| Autor Principal: | |
|---|---|
| Formato: | Libro |
| Publicado: |
Buenos Aires :
Kapelusz,
1956
|
| Edición: | 13a. ed. |
| Materias: | |
| Etiquetas: |
Agregar Etiqueta
Sin Etiquetas, Sea el primero en etiquetar este registro!
|
| LEADER | 00453nam a22001575a 4500 | ||
|---|---|---|---|
| 001 | CEM.cems005371 | ||
| 008 | 130507s1956##################000#0#####d | ||
| 005 | 20241210113120.0 | ||
| 245 | 1 | 0 | |a Aritmética para 1º año de ciclo básico / |
| 250 | |a 13a. ed. | ||
| 260 | |a Buenos Aires : |b Kapelusz, |c 1956 | ||
| 300 | |a 221 p. | ||
| 100 | 1 | |a Repetto, Celina H. | |
| 082 | 0 | 4 | |a 511 |
| 653 | |a Matematica | ||
| 859 | |a CEMS |b BIB. CEMS - 11 de abril |h 511 |i R299-2a13/I |p 1607.74 |t Ej.4 | ||
